000 00959nam a22002777a 4500
001 BR2010005173
003 BR-BrBNA
005 20230928103420.0
007 ta
008 230509b bl.||||| |||| 00| 0 por d
040 _aBR-BrBNA
_bpor
_cBiblioteca Nacional de Agricultura
041 _a(Por)
072 _aU10
090 _ U10 BR2010005173
100 1 _aFortes, P.R.
110 1 _aCentro de Energia Nuclear na Agricultura, Piracicaba, SP (Brasil)
_0Tese (Doutor em Ciências)
245 1 _aSistemas de análises químicas em fluxo explorando mecanismos de re-alimentação, calibração multivariada e outras abordagens para melhoria em desempenho
260 3 _aPiracicaba, SP (Brasil):
_c2010.
300 _a88 p.
500 _aSummaries (Eng, Por); Bibliography p. 81-88; 16 tables; 35 illus.
650 _aMÉTODO ESTATÍSTICO
650 _aQUÍMICA
650 _aESPECTROMETRIA
909 _a202309
_bLucia
_c55
_dLucia Elande
942 _cBK
999 _c75013
_d75013